000 01162 a2200205 4500
001 46778
005 20260407155738.0
008 260407a1986 arg spa d
003 AR-UNSa-BCEJYS
040 _aAR-UNSa-BCEJYS
_bspa
_cAR-UNSa-BCEJYS
080 _a336.74
_xMoneda. Sistema monetario
245 1 0 _aAnálisis monetario y cambiario en el sistema financiero argentino
020 _a950-587-026-4
264 1 _aBuenos Aires :
_bClub de Estudio
_c1986
300 _a345 p.
_c22 cm.
505 _a1. El sistema financiero – 2. Dinero, crédito y tasas de interés – 3. Agregados monetarios, bases y multiplicadores – 4. El balance del Banco Central : los factores de absorción y de expansión – 5. El sistema financiero argentino – 6. El sector externo : tipos de cambio presentes y futuros – 7. El sector externo : el mercado de cambios en la Argentina – 8. El sector público : el déficit fiscal y cuasifiscal – 9. El sector público : el endeudamiento externo – 10. El sector financiero : represiones y ortopedias – 11. El plan austral.
942 _cBK
590 _aniveau_biblio:m niveau_hierar:0
100 1 _aApreda, Rodolfo
999 _c4244
_d4244